Naisten jalkapallomestarit - Statistics

Yleistilastot
  • Tätä visaa on pelattu 26 kertaa
  • Keskiarvotulos 8 / 14
Vastaustilastot
Mestaruudet Joukkue % Oikein
24 HJK
100%
3 KuPS
95%
6 PK-35
89%
1 TPS
84%
4 FC Honka
79%
3 Åland United
58%
2 MPS
53%
1 FC Kontu
47%
2 Puotinkylän Valtti
42%
2 Kemin Into
37%
1 Kaunis Nainen Futis
32%
2 FC United
16%
1 Helsinki United
16%
1 PP-Futis
16%
Ehtoja vastaavia visoja ei löytynyt
Tulosjakauma
Jokaisen tuloksen saaneiden osuus
Persentiili vastausten määrän mukaan
Tuloshistoriasi
Et ole pelannut tätä visaa